000 00720nam a2200289Ia 4500
005 20260324113821.0
008 008 260324s9999 xx 000 0 eng d
020 _a9781315746869
037 _aEBOOK
040 _aCRL
040 _beng
040 _cCRL
041 _2eng
041 _aeng
084 _qCRL
100 _aPaul Jenkins; Harry Smith
_91148294
245 0 _aOrder and Disorder in Urban Space and Form
245 0 _bIdeas, Discourse, Praxis and Worldwide Transfer
260 _bTaylor and Francis
260 _c2023
365 _a
365 _b220
856 _uhttp://www.taylorfrancis.com/books/9781315746869
942 _cEBOOK
999 _c1738137
_d1738137